000 00290nam a22001217a 4500
008 170629b xxu||||| |||| 00| 0 eng d
041 _aeng
080 _24 ED
_a82
100 _a22
101 _aGJL
245 _aAMERICAN LITERATURE CLASSICSFOR CHRISTIONS
_cANDERSON.J
942 _2udc
_cBK
999 _c19452
_d19452